| 000 | 00497nam a22001697a 4500 | ||
|---|---|---|---|
| 005 | 20251108174530.0 | ||
| 008 | 250721s2006 xx 000 0 ara d | ||
| 082 | 1 | 4 | _a649.1/عز |
| 100 | 1 |
_aعز العرب، علي _eمؤلف |
|
| 245 | 1 | 0 | _aدليل تغذية المراهقين / |
| 264 | 1 |
_aالقاهرة : _bغراس للنشر و التوزيع GBS، _c2006. |
|
| 300 | _a255 ص. | ||
| 650 | 1 | 7 | _aالتغذيه |
| 650 | 1 | 7 | _aالمراهقون |
| 942 |
_2ddc _cBK |
||
| 999 |
_c111584 _d111584 |
||